000 00427pab a2200157 454500
008 180718b2002 xxu||||| |||| 00| 0 eng d
100 _aSambrani, Sreekant
245 _aGujarat's burning train: India's inferno?
260 _c2002
300 _ap.1305-310.
362 _aApr
650 _aGujarat - Politics and government
650 _aPolitics and government
773 _aEconomic and Political Weekly
909 _a52031
999 _c52031
_d52031